000 00478nam a22001577a 4500
999 _c40908
_d40908
003 OSt
005 20201022123903.0
008 201022b ||||| |||| 00| 0 eng d
040 _coclc
082 _a954.035092
_bSHE/M
100 _aSheean, Vincent
245 _aMahatma Gandhi A Great Life In Brief /
_cVincent Sheean
260 _aNew Delhi:
_bPublication Division,
_c1968.
300 _a185p
942 _cBK
_2ddc
_h954.035092
_iSHE/M
_k954.035092
_mSHE/M